| 000 | 00585nam a22001817a 4500 | ||
|---|---|---|---|
| 003 | 1 | ||
| 005 | 20231108120304.0 | ||
| 008 | 220627b xxu||||| |||| 00| 0 eng d | ||
| 022 | _2978-1-108-70493-9 | ||
| 050 |
_aTR IB PE 1460 _b.P55 2019 |
||
| 100 | _aPhilpot,Brad | ||
| 245 |
_aEnglish A: _bLanguage and Literature for IB Diploma Course Book/ _cBrad Philpot |
||
| 260 |
_aUnited Kingdom: _bCambridge University Press. _cc2019 |
||
| 300 |
_a352 pp. _c29 cm. _eIncludes index and glossary. _fbook |
||
| 500 | _aLanguage-teaching. | ||
| 500 | _aLiterature- teaching. | ||
| 942 |
_2lcc _cBK |
||
| 999 |
_c364734 _d364734 |
||